|
|
|
|
| LEADER |
01209nam a2200289 i 4500 |
| 001 |
c000037943 |
| 003 |
CARM |
| 005 |
00000000000000.0 |
| 008 |
741022s1974 mau b 00110 eng |
| 019 |
1 |
|
|a 460234
|5 LACONCORD2021
|
| 020 |
|
|
|a 0878720677
|
| 035 |
|
|
|a (OCoLC)1066195
|5 LACONCORD2021
|
| 043 |
|
|
|a n-us---
|
| 050 |
0 |
0 |
|a LB2805
|b .Z44
|
| 100 |
1 |
|
|a Zeigler, L. Harmon
|q (Luther Harmon),
|d 1936-
|
| 245 |
1 |
0 |
|a Governing American schools :
|b political interaction in local school districts /
|c L. Harmon Zeigler, M. Kent Jennings, with the assistance of G. Wayne Peak.
|
| 260 |
|
|
|a North Scituate, Mass. :
|b Duxbury Press,
|c [1974]
|
| 300 |
|
|
|a xvi, 269 p. ;
|c 25 cm.
|
| 504 |
|
|
|a Includes bibliographical references and index.
|
| 650 |
|
0 |
|a School management and organization
|z United States.
|
| 650 |
|
0 |
|a School districts
|z United States.
|
| 700 |
1 |
|
|a Jennings, M. Kent,
|e joint author.
|
| 700 |
1 |
|
|a Peak, G. Wayne,
|e joint author.
|
| 852 |
8 |
|
|b CARM
|h A2:AI30E0
|i C04354
|p 0181303
|f BK
|
| 082 |
0 |
4 |
|a 379/.153/0973
|
| 999 |
f |
f |
|i cee6becc-647f-5251-84f5-343cb67af6fb
|s 7514f040-385d-5ddb-b17a-484a99bc02d1
|
| 952 |
f |
f |
|p Can circulate
|a CAVAL
|b CAVAL
|c CAVAL
|d CARM 1 Store
|e C04354
|f A2:AI30E0
|h Other scheme
|i book
|m 0181303
|